000 00751nam a2200229 a 4500
001 000018597
005 20260205083649.0
008 100512s2009 dr 000 0 spa d
040 _aDO-SdBNP
_bspa
_cBNPHU
082 _a333.332
_bT266n
100 1 _aTejeda Antonio
_940207
245 1 3 _aEl nuevo proceso de saneamiento catastral /
_cAntonio Tejeda.
260 _aSanto Domingo :
_b[s.n.],
_c2009.
300 _a220 p. ;
_c21 cm.
500 _aIncluye referencias bibliográficas y notas al pie de las páginas.
504 _aBibliografía: p. 217-220.
590 _aInventariado, 2018/MFF
650 4 _aAvalúo catastral
_98464
650 0 _aCatastro
_916483
650 0 _aUso de la tierra
_940208
910 _aValidado. Control de calidad EMS
999 _c18117
_d18117